000 00711cam a22002051 4500
001 es 32000005
003 DLC
005 20260227111237.0
008 800318s1926 xx abc 000 0 fre c
010 _aes 32000005
035 _a(OCoLC)6098491
040 _aU.S. Engineer School
_cNNU
_dDLC
042 _apremarc
050 0 0 _aDT46
_b.C7
110 2 _aCompagnie financière de Suez.
245 1 2 _aL'Égypte,
_baperçu historique et géographique, gouvernement et institutions, vie économique et sociale.
260 _aLe Caire,
_bImpr. de l'Institut français d'archéologie orientale,
_c1926.
300 _axii, 456 p.
_billus. (part. col.) port., maps (part fold., part col.)
_c24 cm.
651 0 _aEgypt.
999 _c22341
_d22341